000 00358nam a2200133Ia 4500
005 20260328104331.0
008 260328s9999||||xx |||||||||||||| ||und||
100 _aWoodbridge, Sally Byrne
245 0 _aBernard Maybeck :
_b Visionary Architect /
_cSally Byrne Woodbridge
260 _bAbbeville
300 _a240 p.
650 _aESTADOS UNIDOS
942 _cBK
999 _c11716
_d11716